ORGANIC CHEMISTRY VOL-II (Record no. 8078)

MARC details
000 -LEADER
fixed length control field 00433nam a22001817a 4500
005 - DATE AND TIME OF LATEST TRANSACTION
control field 20230110134642.0
008 - FIXED-LENGTH DATA ELEMENTS--GENERAL INFORMATION
fixed length control field 221217b |||||||| |||| 00| 0 eng d
020 ## - INTERNATIONAL STANDARD BOOK NUMBER
ISBN 978-81-775-8541-4
041 ## - LANGUAGE CODE
Language code of text/sound track or separate title eng
082 ## - DEWEY DECIMAL CLASSIFICATION NUMBER
Classification number 547 FIN-O
100 ## - MAIN ENTRY--AUTHOR NAME
Personal name FINAR , I .L
245 ## - TITLE STATEMENT
Title ORGANIC CHEMISTRY VOL-II
250 ## - EDITION STATEMENT
Edition statement 5th ed.
260 ## - PUBLICATION, DISTRIBUTION, ETC. (IMPRINT)
Name of publisher PEARSON
Year of publication 2022
300 ## - PHYSICAL DESCRIPTION
Number of Pages 956;P.
650 ## - SUBJECT ADDED ENTRY--TOPICAL TERM
Topical Term PHARMACY
General subdivision B.PHARMA
942 ## - ADDED ENTRY ELEMENTS (KOHA)
Koha item type Books
Holdings
Lost status Damaged status Collection code Home library Current library Shelving location Date acquired Source of acquisition Cost, normal purchase price Full call number Accession Number Koha item type
    PHARMACY JRU Library JRU Library SHELF-19-C 20/10/2022 LOHIA BOOK INTERNATIONAL 1099.00 547-FIN-O 26984 Books
    PHARMACY JRU Library JRU Library SHELF-17-C 20/10/2022 LOHIA BOOK INTERNATIONAL 1099.00 547-FIN-O 26985 Books
    PHARMACY JRU Library JRU Library SHELF-17-C 20/10/2022 LOHIA BOOK INTERNATIONAL 1099.00 547-FIN-O 26986 Books
    PHARMACY JRU Library JRU Library SHELF-17-C 20/10/2022 LOHIA BOOK INTERNATIONAL 1099.00 547-FIN-O 26987 Books
    PHARMACY JRU Library JRU Library SHELF-17-C 20/10/2022 LOHIA BOOK INTERNATIONAL 1099.00 547-FIN-O 26988 Books